1675 1396 1419 1136 1391 1871 1590 1080 1679 1947 1966 1170 1903 1792 1597 1669 1076 1075 1153 1067 1223 1689 1666 1548 1192 1163 1618 1542 1882 1147 1415 1750 1882 1987 1036 1580 1993 1074 1037 1003 1116 1388 1500 1254 1264 1860 1219 1171 1435 1135 1212 1733 1984 1864 1428 1251 1033 1278 1570 1915 1936 1514 1384 1255 1843 1291 1106 1260 1830 1110 1991 1802 1001 1558 1614 1406 1248 1704 1606 1451 1350 1504 1766 1546 1888 1853 1019 1903 1736 1593 1935 1899 1920 1814 1561 1974 1007 1368 1241 BCNSPRNW ULIB Ver.6.0+V

เปลี่ยนเป็นภาษาไทย

Change to English
 แสดงรายละเอียดบรรณานุกรม
  กลับหน้าหลัก

Brief Record : Get Marc (ISO 2709) : E-mail record : QR code < ปิดหน้าต่าง
LEADER : 00000nam 2200000uu 4500
001    13399108575
003     ULIB
008    110309s2553||||th 000 0 tha d
020    9786167203034
060  4 QV767^bพ842ช 2553
100 0  พูกานดา พิศชมพู
245 00 ชา:เครื่องดื่มสุขภาพร่วมสมัย/^cพูกานดา พิศชมพู
260    กรุงเทพฯ:^bแพลน บี,^c2553
300    144 หน้า
650  7 ชา
945    ^p125^l0^i028434
995    ทศพร
999 ^a ใช้งานได้ทุกระบบ
รายการนี้ยังไม่มีแท็ก
คุณยังไม่ได้ล็อกอิน คุณสามารถมีกิจกรรมร่วมกับเว็บไซต์ได้ แต่ต้องล็อกอินก่อน ::
  ล็อกอิน

รายการสื่อสารสนเทศ

ลำดับที่ ประเภท เลขเรียก/บาร์โค้ด สถานที่ สถานะ
1. วิทยาศาสตร์การแพทย์ และสุขภาพ
หนังสือสำรอง
สถานะ=หนังสือสำรอง
QV767 พ842ช 2553 ฉ.1 
  Barcode: 028434
ห้องสมุดวิทยาเขตสวรรค์ประชารักษ์
►ส่วนจัดเก็บหนังสือเก่า สปร
บนชั้น
  ขอยืม

รายการใกล้เคียง
    ผู้แต่ง [พูกานดา พิศชมพู]

    หัวเรื่อง [ชา]

BibComment


ยังไม่เคยถูกคอมเมนท์

คอมเมนท์ทรัพยากรรายการนี้
  คอมเมนท์: ชาเครื่องดื่มสุขภ..


 Copyright 2026. Bcnsprnw @Library